[Event "IECG CF.2001.0.00005 email"]
[Site "IECG email"]
[Date "2001.06.19"]
[Round "?"]
[White "Casser, Aaron"]
[Black "Nava, Juan Pablo"]
[Result "1/2-1/2"]
[WhiteElo "1168"]
[BlackElo "1069"]
[PlyCount "74"]
[EventDate "2001.06.19"]
[EventType "tourn (corr)"]
[EventRounds "6"]
[SourceTitle "Corr 2008"]
[Source "ChessBase"]
[SourceDate "2008.06.24"]
[SourceVersion "1"]
[SourceVersionDate "2008.06.24"]
[SourceQuality "1"]

1. d4 e6 2. c4 Nf6 3. g3 d5 4. Bg2 Be7 5. Nf3 0-0 6. 0-0 dxc4 7. Qc2 b5 8. a4 b4 9. Ne5 Nd5 10. Rd1 Ba6 11. Nxc4 f5 12. e4 Bxc4 13. Qxc4 fxe4 14. Bxe4 c6 15. Nd2 Qd6 16. Qc2 Nf6 17. Nc4 Qd8 18. Bg2 Nd5 19. Qe4 Qd7 20. Re1 Bf6 21. Qxe6+ Qxe6 22. Rxe6 Bxd4 23. Rxc6 Nxc6 24. Bxd5+ Kh8 25. Bxc6 Rac8 26. Bb5 Rxf2 27. Be3 Bxe3 28. Nxe3 Rxb2 29. Nc4 Rc2 30. Na5 a6 31. Bxa6 Ra8 32. Rd1 g6 33. Rd6 Ra2 34. Nb3 Rxa4 35. Bc4 Rc8 36. Nd2 Ra1+ 37. Kg2 Re1 1/2-1/2

[Event "IECG CF.2001.0.00005 email"]
[Site "IECG email"]
[Date "2001.06.19"]
[Round "?"]
[White "Nava, Juan Pablo"]
[Black "MacFarlane, Martin"]
[Result "0-1"]
[WhiteElo "1069"]
[BlackElo "1111"]
[PlyCount "78"]
[EventDate "2001.06.19"]
[EventType "tourn (corr)"]
[EventRounds "6"]
[SourceTitle "Corr 2008"]
[Source "ChessBase"]
[SourceDate "2008.06.24"]
[SourceVersion "1"]
[SourceVersionDate "2008.06.24"]
[SourceQuality "1"]

1. d4 d6 2. c4 Nd7 3. Nc3 e5 4. Nf3 Ngf6 5. e4 h6 6. d5 Be7 7. Be2 g5 8. b4 c6 9. 0-0 Qc7 10. a4 Nf8 11. a5 Ng6 12. g3 Bd7 13. a6 b6 14. Bb2 g4 15. Ne1 c5 16. b5 h5 17. Ng2 0-0-0 18. Bc1 h4 19. Ne3 Rdg8 20. Nxg4 Nf4 21. gxf4 Nxg4 22. Kh1 exf4 23. Bxf4 Bf6 24. Ra3 Rg7 25. f3 Ne5 26. Rg1 Rhg8 27. Rxg7 Rxg7 28. Bh6 Rg8 29. Be3 Bh3 30. Bf1 Qd7 31. Qe2 Kc7 32. Nb1 Bxf1 33. Qxf1 h3 34. Ra2 Ng6 35. Rf2 Nh4 36. Qd3 Ng2 37. Bh6 Bd4 38. Rf1 f5 39. exf5 Ne3 0-1

[Event "IECG CP.2000.P.00114"]
[Site "IECG email"]
[Date "2000.10.01"]
[Round "?"]
[White "Nava, Juan Pablo"]
[Black "Salvati, Diego Javier"]
[Result "0-1"]
[WhiteElo "1047"]
[BlackElo "2173"]
[PlyCount "88"]
[EventDate "2000.10.01"]
[EventType "tourn (corr)"]
[EventRounds "6"]
[EventCountry "ARG"]
[SourceTitle "Corr 2008"]
[Source "ChessBase"]
[SourceDate "2008.06.24"]
[SourceVersion "1"]
[SourceVersionDate "2008.06.24"]
[SourceQuality "1"]

1. d4 Nf6 2. c4 g6 3. Nc3 Bg7 4. e4 d6 5. Nf3 0-0 6. Be2 e5 7. d5 a5 8. 0-0 Na6 9. b3 b6 10. a3 Nc5 11. Qc2 Nh5 12. Bg5 f6 13. Be3 f5 14. Nd2 Nf4 15. Bf3 Nfd3 16. exf5 Bxf5 17. Nde4 Nxe4 18. Bxe4 Nf4 19. Bxf5 Rxf5 20. g3 Rh5 21. Bxf4 exf4 22. Rae1 Be5 23. Ne4 Qd7 24. f3 fxg3 25. Nxg3 Rh4 26. Re4 Rxe4 27. fxe4 a4 28. b4 Rf8 29. Rxf8+ Kxf8 30. Kg2 Qg4 31. Qf2+ Kg8 32. Qe3 h5 33. h3 Qd1 34. Ne2 Qc2 35. c5 bxc5 36. bxc5 dxc5 37. Kf3 c4 38. Kg2 Kg7 39. Kf2 h4 40. Ke1 c3 41. Kf2 Qd2 42. Qc5 Kf7 43. Qc6 Bg3+ 44. Kf3 Qd3+ 0-1

[Event "IECC CL5-2000.17"]
[Site "IECC email"]
[Date "2000.05.24"]
[Round "?"]
[White "Nava, Juan Pablo"]
[Black "Lapena Bayo, Cosme"]
[Result "0-1"]
[WhiteElo "1580"]
[BlackElo "1559"]
[PlyCount "134"]
[EventDate "2000.??.??"]
[EventType "tourn (corr)"]
[EventRounds "4"]
[SourceTitle "Corr 2008"]
[Source "ChessBase"]
[SourceDate "2008.06.24"]
[SourceVersion "1"]
[SourceVersionDate "2008.06.24"]
[SourceQuality "1"]

1. e4 c5 2. Nf3 d6 3. d4 cxd4 4. Nxd4 Nf6 5. Nc3 Nc6 6. Bb5 Bd7 7. 0-0 e6 8. Re1 Be7 9. Bxc6 bxc6 10. e5 dxe5 11. Nf3 e4 12. Nxe4 Nxe4 13. Rxe4 Qb6 14. Ne5 Rd8 15. b3 Bc8 16. Qf3 0-0 17. Bb2 f6 18. Nc4 Qc7 19. Rae1 Bb4 20. c3 Bc5 21. b4 Be7 22. Rh4 f5 23. Rh3 Bf6 24. Qh5 g6 25. Qe2 e5 26. Bc1 Ba6 27. a4 e4 28. Bh6 Rfe8 29. b5 cxb5 30. Na3 Bc8 31. Nxb5 Qa5 32. Qc4+ Be6 33. Qb4 Qxb4 34. cxb4 Rd7 35. g4 Rc8 36. gxf5 Bxf5 37. Rb3 a6 38. Na3 Rc3 39. Rxc3 Bxc3 40. Rc1 Bxb4 41. Nc4 Rc7 42. Bf4 Rc8 43. Ne5 Rxc1+ 44. Bxc1 Be6 45. Nc6 Bd6 46. Nd4 Bd7 47. a5 Bb4 48. Nb3 Be6 49. Bd2 Bd6 50. Nd4 Bd5 51. h3 Be5 52. Nc2 h5 53. Ne3 Be6 54. Kg2 Bf6 55. Nd1 Bd5 56. Kf1 Kf7 57. Ke2 Bc4+ 58. Ke1 g5 59. Nc3 Bd3 60. Nd5 Bd8 61. Ne3 Kf6 62. Bc3+ Kg6 63. Kd2 Bb5 64. Nd5 Bf1 65. Ke3 Kf5 66. Bb4 Bxh3 67. Ne7+ Ke6 0-1

[Event "IECC M email"]
[Site "IECC email"]
[Date "2000.04.22"]
[Round "?"]
[White "Nava, Juan Pablo"]
[Black "Neet, Jon"]
[Result "1-0"]
[WhiteElo "1500"]
[BlackElo "1524"]
[PlyCount "35"]
[EventDate "2000.??.??"]
[EventType "tourn (corr)"]
[EventRounds "2"]
[SourceTitle "Corr 2008"]
[Source "ChessBase"]
[SourceDate "2008.06.24"]
[SourceVersion "1"]
[SourceVersionDate "2008.06.24"]
[SourceQuality "1"]

1. d4 e6 2. c4 Bb4+ 3. Bd2 c5 4. Bxb4 cxb4 5. e4 Nc6 6. Nf3 d6 7. d5 Ne5 8. Nxe5 dxe5 9. Qa4+ Qd7 10. Qxb4 Ne7 11. Nc3 0-0 12. Qb3 b6 13. 0-0-0 Bb7 14. Be2 Nc8 15. dxe6 Qxe6 16. f3 Ne7 17. Nb5 Rfc8 18. Rd6 1-0

[Event "IECG CN.2000.0.00178"]
[Site "IECG email"]
[Date "2000.02.27"]
[Round "?"]
[White "Albertoni, Fernando Andris"]
[Black "Nava, Juan Pablo"]
[Result "0-1"]
[WhiteElo "800"]
[BlackElo "800"]
[PlyCount "22"]
[EventDate "2000.02.27"]
[EventType "tourn (corr)"]
[EventRounds "6"]
[SourceTitle "Corr 2008"]
[Source "ChessBase"]
[SourceDate "2008.06.24"]
[SourceVersion "1"]
[SourceVersionDate "2008.06.24"]
[SourceQuality "1"]

1. e4 e5 2. f4 exf4 3. Nf3 g5 4. Bc4 Bg7 5. 0-0 d6 6. d4 Be6 7. Bxe6 fxe6 8. c3 h6 9. Qb3 Qc8 10. h4 e5 11. hxg5 Ne7 0-1

[Event "IECG CN.2000.0.00178"]
[Site "IECG email"]
[Date "2000.02.27"]
[Round "?"]
[White "Nava, Juan Pablo"]
[Black "Svartbo, Martin"]
[Result "0-1"]
[WhiteElo "800"]
[BlackElo "800"]
[PlyCount "82"]
[EventDate "2000.02.27"]
[EventType "tourn (corr)"]
[EventRounds "6"]
[SourceTitle "Corr 2008"]
[Source "ChessBase"]
[SourceDate "2008.06.24"]
[SourceVersion "1"]
[SourceVersionDate "2008.06.24"]
[SourceQuality "1"]

1. d4 Nf6 2. c4 e6 3. Nc3 Bb4 4. e3 0-0 5. Nge2 d5 6. a3 Be7 7. Nf4 c6 8. Bd3 dxc4 9. Bxc4 Nbd7 10. 0-0 Bd6 11. b4 Qc7 12. Bb3 e5 13. dxe5 Bxe5 14. Bd2 a5 15. Ra2 axb4 16. axb4 Rxa2 17. Bxa2 Qd6 18. b5 g5 19. bxc6 bxc6 20. Nh3 Bxh2+ 21. Kh1 Ba6 22. Re1 h6 23. f4 Bg3 24. Rg1 Nc5 25. Bc1 Qd3 26. Qxd3 Nxd3 27. fxg5 hxg5 28. Bb1 Nf2+ 29. Nxf2 Bxf2 30. Rd1 Kg7 31. g3 Bxg3 32. Kg2 Be5 33. Ne4 Rb8 34. Bc2 Rh8 35. Rh1 Rxh1 36. Kxh1 Nxe4 37. Bxe4 c5 38. Kg2 c4 39. Kf3 c3 40. Kg4 Kf6 41. Bf3 Bd3 0-1

[Event "IECC CL5-2000.07"]
[Site "IECC email"]
[Date "2000.01.01"]
[Round "?"]
[White "Agnew, George Hartwell"]
[Black "Nava, Juan Pablo"]
[Result "0-1"]
[WhiteElo "1431"]
[BlackElo "1459"]
[PlyCount "89"]
[EventDate "2000.??.??"]
[EventType "tourn (corr)"]
[EventRounds "4"]
[SourceTitle "Corr 2008"]
[Source "ChessBase"]
[SourceDate "2008.06.24"]
[SourceVersion "1"]
[SourceVersionDate "2008.06.24"]
[SourceQuality "1"]

1. d4 Nf6 2. c4 g6 3. Nc3 Bg7 4. e4 d6 5. Nf3 0-0 6. Be2 e5 7. 0-0 Nc6 8. d5 Ne7 9. h3 c6 10. Be3 cxd5 11. cxd5 Bd7 12. Qb3 b6 13. Bb5 Bxb5 14. Qxb5 Nd7 15. Rac1 a6 16. Qb3 Nc5 17. Bxc5 bxc5 18. Qd1 Rb8 19. b3 f5 20. Ng5 Rf6 21. Ne6 Qb6 22. Qd3 Bh6 23. Rc2 Nc8 24. Qg3 Ne7 25. Qh4 Bg7 26. Kh2 Qb4 27. Rfc1 h6 28. f3 g5 29. Qh5 f4 30. h4 Rg6 31. Ne2 Bf6 32. hxg5 Bxg5 33. Rc4 Qd2 34. R4c2 Qa5 35. Rg1 Qb5 36. Nc3 Qd3 37. Rgc1 Kh7 38. Ne2 Rbg8 39. Ng1 Bf6 40. Kh1 Qe3 41. Nh3 Rxg2 42. Qf7+ R8g7 43. Qxf6 Qxf3 44. Nhg5+ R2xg5+ 45. Rg2 0-1